[Event "BEL-ch U18"]
[Site "Blankenberge"]
[Date "2017.04.09"]
[Round "1"]
[White "Bratuszewski, Jorden"]
[Black "De Baets, Keano"]
[Result "1-0"]
[WhiteElo "2076"]
[BlackElo "1677"]
[PlyCount "55"]
[EventDate "2017.04.09"]
[EventType "swiss"]
[EventRounds "9"]
[EventCountry "BEL"]
[SourceTitle "CBM 178 Extra"]
[Source "ChessBase"]
[SourceDate "2017.06.22"]
[SourceVersion "1"]
[SourceVersionDate "2017.06.22"]
[SourceQuality "1"]

1. Nf3 c5 2. c4 Nc6 3. d4 cxd4 4. Nxd4 d5 5. Nxc6 bxc6 6. Nc3 e6 7. g3 Nf6 8. Bg2 Bb4 9. Qa4 Bxc3+ 10. bxc3 Bd7 11. Ba3 Qb6 12. 0-0 c5 13. Qc2 0-0 14. cxd5 exd5 15. c4 Bc6 16. cxd5 Bxd5 17. Bxd5 Nxd5 18. Qxc5 Rfd8 19. Rac1 Qa6 20. Rfd1 Rab8 21. Rxd5 Rxd5 22. Qxd5 Qxa3 23. Rc7 Rf8 24. Kg2 g6 25. e4 Qa6 26. e5 Kg7 27. e6 Qb6 28. Rd7 1-0

[Event "Brasschaat op 16th"]
[Site "Brasschaat"]
[Date "2016.08.22"]
[Round "3"]
[White "Bratuszewski, Jorden"]
[Black "Docx, Stefan"]
[Result "0-1"]
[WhiteElo "1997"]
[BlackElo "2420"]
[PlyCount "114"]
[EventDate "2016.08.20"]
[EventType "swiss"]
[EventRounds "9"]
[EventCountry "BEL"]
[SourceTitle "CBM 174 Extra"]
[Source "ChessBase"]
[SourceDate "2016.10.10"]
[SourceVersion "1"]
[SourceVersionDate "2016.10.10"]
[SourceQuality "1"]

1. c4 g6 2. Nf3 Bg7 3. d4 Nf6 4. g3 0-0 5. Bg2 d6 6. 0-0 Nc6 7. Nc3 a6 8. b3 Rb8 9. e4 Bg4 10. h3 Bxf3 11. Bxf3 e5 12. dxe5 dxe5 13. Ba3 Qxd1 14. Rfxd1 Rfe8 15. Be2 Nd4 16. Bd3 c6 17. Bd6 Rbd8 18. c5 Bf8 19. Bxf8 Kxf8 20. Kg2 a5 21. f3 Ne6 22. Na4 Rd4 23. Be2 Red8 24. Kf2 Rxd1 25. Rxd1 Rxd1 26. Bxd1 Nd7 27. Nb2 Nexc5 28. Nc4 b6 29. Ke3 f6 30. f4 Ke7 31. Bg4 Kd8 32. fxe5 fxe5 33. a3 h5 34. Bd1 Nb7 35. b4 axb4 36. axb4 Ke7 37. g4 hxg4 38. Bxg4 Nd6 39. Be2 Nxc4+ 40. Bxc4 b5 41. Be2 Nb8 42. Kd3 g5 43. Bg4 Na6 44. Kc3 Kd6 45. Be2 Nc7 46. Kd3 Ne6 47. Ke3 Nd4 48. Bd3 c5 49. bxc5+ Kxc5 50. Kf2 b4 51. Kg3 b3 52. Bb1 Ne6 53. Kg4 Kd4 54. Kf5 Nf4 55. Kxg5 Nxh3+ 56. Kg4 Nf2+ 57. Kf3 Nd1 0-1

[Event "Maastricht Limburg op-B 9th"]
[Site "Maastricht"]
[Date "2015.05.22"]
[Round "1"]
[White "Kronseder, Michael"]
[Black "Bratuszewski, Jorden"]
[Result "0-1"]
[WhiteElo "1809"]
[BlackElo "1859"]
[PlyCount "80"]
[EventDate "2015.05.22"]
[EventType "swiss"]
[EventRounds "7"]
[EventCountry "NED"]
[SourceTitle "EXT 2016"]
[Source "ChessBase"]
[SourceDate "2015.10.08"]
[SourceVersion "1"]
[SourceVersionDate "2015.10.08"]
[SourceQuality "1"]

1. e4 c5 2. Nf3 d6 3. Bb5+ Nd7 4. a4 Ngf6 5. Nc3 a6 6. Be2 b6 7. 0-0 Bb7 8. d3 g6 9. h3 Bg7 10. Be3 0-0 11. Qd2 Qc7 12. Rab1 Rac8 13. Nh2 e5 14. f4 d5 15. fxe5 Nxe5 16. exd5 Nxd5 17. Nxd5 Bxd5 18. Ng4 Nxg4 19. Bxg4 Rce8 20. Bf4 Qc6 21. Bf3 Rc8 22. Bxd5 Qxd5 23. Bh6 Rfe8 24. Bxg7 Kxg7 25. Qf2 Qd4 26. c3 Qxf2+ 27. Rxf2 Re3 28. Rbf1 Rc7 29. Rf3 Rce7 30. Rxe3 Rxe3 31. Rf3 Re1+ 32. Rf1 Re3 33. Rf3 Rxf3 34. gxf3 g5 35. Kf2 Kf6 36. Ke3 Ke5 37. d4+ cxd4+ 38. cxd4+ Kd5 39. f4 f6 40. f5 h5 0-1

[Event "EU Union-ch U15 12th"]
[Site "Mureck"]
[Date "2014.07.31"]
[Round "2"]
[White "Bratuszewski, Jorden"]
[Black "Liebert, Erwin"]
[Result "0-1"]
[WhiteElo "1672"]
[BlackElo "1653"]
[PlyCount "168"]
[EventDate "2014.07.30"]
[EventType "swiss"]
[EventRounds "9"]
[EventCountry "AUT"]
[SourceTitle "CBM 161 Extra"]
[Source "ChessBase"]
[SourceDate "2014.08.29"]
[SourceVersion "1"]
[SourceVersionDate "2014.08.29"]
[SourceQuality "1"]

1. c4 e5 2. g3 Nf6 3. Bg2 Nc6 4. Nc3 Bb4 5. e3 Bxc3 6. dxc3 e4 7. Qc2 Qe7 8. Ne2 d6 9. Nf4 Bf5 10. Qa4 Qe5 11. Ne2 Bd7 12. Qc2 0-0 13. Nd4 Rfe8 14. b4 Nd8 15. Bb2 Ne6 16. h4 c6 17. Bh3 Qh5 18. Qe2 Qe5 19. Rd1 Nc7 20. Bxd7 Nxd7 21. Qg4 Nb6 22. Qe2 Na4 23. Ba1 Ne6 24. Qc2 Nb6 25. Qb3 Nc7 26. b5 c5 27. Ne2 Qe6 28. Nf4 Qxc4 29. Rxd6 Nxb5 30. Qxc4 Nxc4 31. Rd5 b6 32. 0-0 Rad8 33. Rfd1 Rxd5 34. Rxd5 Nba3 35. Kf1 Kf8 36. Rd1 h6 37. Ke2 g5 38. hxg5 hxg5 39. Nd5 Kg7 40. g4 Ne5 41. c4 Kg6 42. Bxe5 Rxe5 43. Rc1 Nxc4 44. Rxc4 Rxd5 45. Rxe4 Rd7 46. Ra4 f5 47. gxf5+ Kxf5 48. Rc4 Ke5 49. Rg4 Kf5 50. Rc4 Rc7 51. a4 a6 52. Rc1 b5 53. axb5 axb5 54. Rb1 Rb7 55. Rc1 c4 56. Rc2 g4 57. f3 gxf3+ 58. Kxf3 Rc7 59. Rb2 Rb7 60. Rc2 Ke5 61. Rc3 Rf7+ 62. Ke2 Ke4 63. Rc1 Rf3 64. Rc3 Rh3 65. Kd2 Rh2+ 66. Kc1 Re2 67. Ra3 Rxe3 68. Ra8 Kd3 69. Kb2 Re2+ 70. Ka3 Kc3 71. Rb8 Rb2 72. Rh8 b4+ 73. Ka4 b3 74. Rh3+ Kd2 75. Rh2+ Kc1 76. Rh1+ Kc2 77. Kb4 c3 78. Rh2+ Kb1 79. Rh1+ Ka2 80. Kxc3 Rc2+ 81. Kd3 Rg2 82. Rh6 Rg3+ 83. Kd2 b2 84. Ra6+ Ra3 0-1

[Event "Maastricht Limburg op-C 8th"]
[Site "Maastricht"]
[Date "2014.06.09"]
[Round "6"]
[White "Bratuszewski, Jorden"]
[Black "Loutragotis, Paraskevas Pantelei"]
[Result "1/2-1/2"]
[WhiteElo "1672"]
[BlackElo "1570"]
[PlyCount "111"]
[EventDate "2014.06.06"]
[EventType "swiss"]
[EventRounds "7"]
[EventCountry "NED"]
[SourceTitle "EXT 2015"]
[Source "ChessBase"]
[SourceDate "2014.11.20"]
[SourceVersion "1"]
[SourceVersionDate "2014.11.20"]
[SourceQuality "1"]

1. c4 e5 2. Nc3 Nc6 3. g3 g6 4. Bg2 Nge7 5. d3 h5 6. Rb1 Bg7 7. Bd2 f5 8. b4 d6 9. b5 Nd4 10. e3 Ne6 11. a4 Nc5 12. Bc1 e4 13. d4 Nd3+ 14. Kf1 Be6 15. Qb3 0-0 16. Nge2 g5 17. Kg1 Ng6 18. Bd2 Qe7 19. Nc1 Nxc1 20. Rxc1 Qf7 21. Ne2 c6 22. bxc6 bxc6 23. h3 Rab8 24. Qc2 Rb7 25. Kh2 Rfb8 26. Rhd1 Rb2 27. Qc3 R8b3 28. Qa5 Bxc4 29. Bf1 d5 30. Ng1 f4 31. Bxc4 fxg3+ 32. fxg3 Qf2+ 33. Kh1 dxc4 34. Rxc4 Rxe3 35. Rxc6 Rxg3 36. Qd5+ Kh7 37. Qxe4 Qf7 38. d5 Rb6 39. Rdc1 Rxc6 40. Rxc6 Be5 41. Rxg6 Qxg6 42. Qxe5 Rd3 43. Bc3 Kg8 44. Bd4 g4 45. hxg4 Rd1 46. Bxa7 Qxg4 47. Qe6+ Qxe6 48. dxe6 Re1 49. a5 Rxe6 50. Bb6 Kf8 51. Nf3 Ke8 52. Nd4 Re1+ 53. Kg2 Ra1 54. Nb3 Ra2+ 55. Kf1 Kd7 56. Nc5+ 1/2-1/2

[Event "Maastricht Limburg op-C 8th"]
[Site "Maastricht"]
[Date "2014.06.09"]
[Round "7"]
[White "Van Ginneken, Jos"]
[Black "Bratuszewski, Jorden"]
[Result "0-1"]
[WhiteElo "1621"]
[BlackElo "1672"]
[PlyCount "54"]
[EventDate "2014.06.06"]
[EventType "swiss"]
[EventRounds "7"]
[EventCountry "NED"]
[SourceTitle "EXT 2015"]
[Source "ChessBase"]
[SourceDate "2014.11.20"]
[SourceVersion "1"]
[SourceVersionDate "2014.11.20"]
[SourceQuality "1"]

1. e4 d6 2. f4 Nf6 3. d3 c5 4. c3 Nc6 5. Nf3 Qc7 6. Be2 e6 7. 0-0 b5 8. Qe1 Be7 9. Ng5 Rb8 10. Nd2 b4 11. Ndf3 h6 12. Nh3 d5 13. e5 Nd7 14. g4 bxc3 15. bxc3 g6 16. g5 h5 17. Bd1 Nb6 18. Rf2 Ba6 19. Rd2 0-0 20. Nh4 Kg7 21. Qg3 Nd7 22. Ba3 Qa5 23. Bb2 c4 24. dxc4 Bxc4 25. Bc1 Rb7 26. Rb2 Rxb2 27. Bxb2 Qb6+ 0-1

[Event "EU Union-ch U15 11th"]
[Site "Mureck"]
[Date "2013.08.05"]
[Round "6"]
[White "Evans, Nicholas Thomas"]
[Black "Bratuszewski, Jorden"]
[Result "1-0"]
[WhiteElo "1755"]
[BlackElo "1589"]
[PlyCount "55"]
[EventDate "2013.07.31"]
[EventType "swiss"]
[EventRounds "9"]
[EventCountry "AUT"]
[SourceTitle "CBM 155 Extra"]
[Source "ChessBase"]
[SourceDate "2013.08.26"]
[SourceVersion "1"]
[SourceVersionDate "2013.08.26"]
[SourceQuality "1"]

1. d4 d6 2. Nf3 Nf6 3. c4 g6 4. g3 Bg7 5. Bg2 c6 6. 0-0 0-0 7. Nc3 Re8 8. h3 Qc7 9. e4 e5 10. Be3 h6 11. Re1 Nbd7 12. Qd2 Kh7 13. b3 Nf8 14. Qc2 Ng8 15. c5 exd4 16. Bxd4 Bxd4 17. Nxd4 dxc5 18. Nf3 f5 19. Nd2 Nf6 20. f4 fxe4 21. Ncxe4 Qf7 22. Qxc5 Nxe4 23. Nxe4 Ne6 24. Qc3 Qg7 25. Qxg7+ Kxg7 26. Nd6 Rd8 27. Nxc8 Nxf4 28. gxf4 1-0

[Event "EU Union-ch U15 11th"]
[Site "Mureck"]
[Date "2013.08.03"]
[Round "4"]
[White "Bratuszewski, Jorden"]
[Black "Kodric, Tilen"]
[Result "1/2-1/2"]
[WhiteElo "1589"]
[BlackElo "1606"]
[PlyCount "127"]
[EventDate "2013.07.31"]
[EventType "swiss"]
[EventRounds "9"]
[EventCountry "AUT"]
[SourceTitle "CBM 155 Extra"]
[Source "ChessBase"]
[SourceDate "2013.08.26"]
[SourceVersion "1"]
[SourceVersionDate "2013.08.26"]
[SourceQuality "1"]

1. c4 c5 2. g3 g6 3. Bg2 Bg7 4. Nc3 Nc6 5. d3 e5 6. Bd2 Nge7 7. Rb1 0-0 8. a3 a5 9. Nd5 Nxd5 10. cxd5 Ne7 11. b4 cxb4 12. axb4 a4 13. e4 b5 14. Ne2 d6 15. 0-0 Bg4 16. h3 Bxe2 17. Qxe2 Rc8 18. Rfc1 Qb6 19. Be3 Qa6 20. Qd2 Rxc1+ 21. Rxc1 Rc8 22. Ra1 Rc7 23. Bf1 Qc8 24. Rc1 Rxc1 25. Qxc1 Qa6 26. Qa3 Nc8 27. Bc1 Bf6 28. Qc3 Na7 29. f4 Qb6+ 30. Kg2 Kg7 31. Bb2 Qe3 32. h4 h5 33. Ba1 Qd4 34. Qxd4 exd4 35. Bb2 Nc8 36. Kf3 Ne7 37. Bh3 Kf8 38. Bd7 Bg7 39. Ba3 Bf6 40. Bxb5 Nc8 41. Bxa4 Nb6 42. Bb3 Ke7 43. Ke2 Kd7 44. b5 Kc7 45. Kd2 Bg7 46. Kc2 Bf6 47. Bb4 Nc8 48. Kd2 Kb6 49. Bc4 Bg7 50. Ke2 Bf6 51. Kf3 Bg7 52. g4 Bf6 53. g5 Bg7 54. Ke2 Kc7 55. Be1 Kb6 56. Bb4 Kc7 57. Kf3 Nb6 58. Bb3 Nc8 59. Kg3 Kb6 60. Ba4 Kc7 61. Be1 Nb6 62. Bb3 Nd7 63. Bb4 Nb6 64. Kf3 1/2-1/2

[Event "EU Union-ch U14 10th"]
[Site "Mureck"]
[Date "2012.08.09"]
[Round "9"]
[White "Saavalainen, Ellis"]
[Black "Bratuszewski, Jorden"]
[Result "1-0"]
[WhiteElo "1611"]
[BlackElo "1675"]
[PlyCount "59"]
[EventDate "2012.08.01"]
[EventType "swiss"]
[EventRounds "9"]
[EventCountry "AUT"]
[SourceTitle "CBM 149 Extra"]
[Source "ChessBase"]
[SourceDate "2012.08.24"]
[SourceVersion "1"]
[SourceVersionDate "2012.08.24"]
[SourceQuality "1"]

1. e4 d6 2. d4 Nf6 3. Bd3 g6 4. Nf3 Bg4 5. h3 Bxf3 6. Qxf3 c6 7. 0-0 Bg7 8. Be3 0-0 9. Nd2 Nbd7 10. Qe2 Qc7 11. f4 c5 12. e5 Nd5 13. c3 Nxe3 14. Qxe3 dxe5 15. dxe5 e6 16. g4 Rfd8 17. g5 Nb8 18. Ne4 Bf8 19. Qg3 c4 20. Nf6+ Kh8 21. Be4 Nd7 22. h4 Nxf6 23. gxf6 Bc5+ 24. Kh1 Rab8 25. h5 Rg8 26. Qh4 Qd8 27. Rad1 Qf8 28. hxg6 fxg6 29. Rd7 h5 30. Qxh5+ 1-0

[Event "EU Union-ch U14 10th"]
[Site "Mureck"]
[Date "2012.08.05"]
[Round "5"]
[White "Vogel, Doris"]
[Black "Bratuszewski, Jorden"]
[Result "1/2-1/2"]
[WhiteElo "1536"]
[BlackElo "1675"]
[PlyCount "86"]
[EventDate "2012.08.01"]
[EventType "swiss"]
[EventRounds "9"]
[EventCountry "AUT"]
[SourceTitle "CBM 149 Extra"]
[Source "ChessBase"]
[SourceDate "2012.08.24"]
[SourceVersion "1"]
[SourceVersionDate "2012.08.24"]
[SourceQuality "1"]

1. d4 c5 2. d5 Nf6 3. c4 d6 4. Nc3 g6 5. e4 Nbd7 6. Nf3 Bg7 7. Be2 0-0 8. 0-0 a6 9. Rb1 Ne8 10. Bf4 Nc7 11. Qc2 f6 12. Bg3 Bh6 13. Bd3 Ne5 14. Nxe5 fxe5 15. Ne2 b5 16. f4 exf4 17. Bxf4 Bg7 18. b3 b4 19. Rbe1 Bd7 20. Ng3 Kh8 21. e5 dxe5 22. Bxe5 Rxf1+ 23. Kxf1 Qf8+ 24. Kg1 Bxe5 25. Rxe5 Qf6 26. Qe2 Re8 27. Qe4 a5 28. Nh5 Qf7 29. Nf4 e6 30. dxe6 Nxe6 31. Nxe6 Rxe6 32. Rxe6 Qxe6 33. Qxe6 Bxe6 34. Kf2 Kg7 35. Kf3 Kf6 36. h4 Bf5 37. Be4 Ke5 38. Bxf5 Kxf5 39. g4+ Ke5 40. Ke3 h6 41. Kf3 h5 42. gxh5 gxh5 43. Ke3 Kf5 1/2-1/2

[Event "Maastricht Limburg op-C 6th"]
[Site "Maastricht"]
[Date "2012.05.27"]
[Round "4"]
[White "Bratuszewski, Jorden"]
[Black "Vellekoop, Kees"]
[Result "1/2-1/2"]
[WhiteElo "1623"]
[BlackElo "1648"]
[PlyCount "121"]
[EventDate "2012.05.25"]
[EventType "swiss"]
[EventRounds "7"]
[EventCountry "NED"]
[SourceTitle "EXT 2013"]
[Source "ChessBase"]
[SourceDate "2012.11.22"]
[SourceVersion "1"]
[SourceVersionDate "2012.11.22"]
[SourceQuality "1"]

1. c4 g6 2. g3 Bg7 3. Bg2 c6 4. Nc3 d6 5. e3 f5 6. Nge2 Nf6 7. 0-0 0-0 8. d3 Na6 9. a3 Nc7 10. Qc2 e5 11. b3 Ng4 12. Bb2 Qg5 13. Nd1 Qh6 14. h3 Nf6 15. c5 f4 16. exf4 Bxh3 17. Ne3 d5 18. Bxe5 Ne6 19. d4 Ng4 20. Bxh3 Qxh3 21. Nxg4 Qxg4 22. Bxg7 Nxg7 23. Kg2 Nf5 24. Rh1 Rae8 25. Rae1 Re7 26. Qd1 Rfe8 27. Nc3 Qxd1 28. Rxd1 h5 29. Rd3 Nh6 30. Kf3 Kg7 31. Re3 Ng4 32. Rxe7+ Rxe7 33. Rd1 Kf6 34. b4 Kf5 35. b5 Nh2+ 36. Kg2 Ng4 37. bxc6 bxc6 38. Rb1 Nf6 39. Kf3 Ng4 40. Nd1 Nh2+ 41. Kg2 Ng4 42. Nc3 Nf6 43. Kf3 Ne8 44. Nd1 Ng7 45. Ne3+ Kf6 46. Ke2 Ne6 47. Kd3 Nd8 48. Kd2 Re4 49. Kd3 Re7 50. f3 Nf7 51. Rb8 Rc7 52. a4 Ke7 53. a5 Nd8 54. a6 Ke8 55. Ng2 Rg7 56. Nh4 Kd7 57. Rb2 g5 58. Nf5 Rg6 59. Re2 Ne6 60. Rb2 Nd8 61. Re2 1/2-1/2

[Event "Maastricht Limburg op-C 6th"]
[Site "Maastricht"]
[Date "2012.05.26"]
[Round "3"]
[White "Bratuszewski, Jorden"]
[Black "Beukema, Jasper"]
[Result "1-0"]
[WhiteElo "1623"]
[BlackElo "1625"]
[PlyCount "121"]
[EventDate "2012.05.25"]
[EventType "swiss"]
[EventRounds "7"]
[EventCountry "NED"]
[SourceTitle "EXT 2013"]
[Source "ChessBase"]
[SourceDate "2012.11.22"]
[SourceVersion "1"]
[SourceVersionDate "2012.11.22"]
[SourceQuality "1"]

1. c4 e5 2. g3 Nf6 3. Bg2 Bc5 4. e3 Nc6 5. Nc3 0-0 6. Nge2 Re8 7. d3 Rb8 8. 0-0 b6 9. a3 Bb7 10. b4 Bf8 11. e4 d6 12. Rb1 Ne7 13. Bd2 Ng6 14. f4 exf4 15. Nxf4 Ne5 16. Qe2 Be7 17. Ncd5 Qd7 18. Nxf6+ Bxf6 19. Bh3 Qa4 20. Qd1 Qxd1 21. Rbxd1 Rbd8 22. Bc1 c6 23. Bg2 h6 24. Nh5 Bg5 25. Bxg5 hxg5 26. h3 Ba8 27. g4 d5 28. cxd5 cxd5 29. Rf5 f6 30. exd5 Bxd5 31. Bxd5+ Rxd5 32. Rxf6 Rxd3 33. Rxd3 Nxd3 34. Rd6 Nf4 35. Nxf4 gxf4 36. Rd3 Re7 37. Kf2 g5 38. Rd5 Rg7 39. Kf3 Kf7 40. h4 gxh4 41. Kxf4 Rh7 42. Rh5 Kg6 43. Rg5+ Kf6 44. Rh5 Rxh5 45. gxh5 h3 46. Kg3 Kg5 47. Kxh3 Kxh5 48. Kg3 Kg5 49. Kf3 Kf5 50. Ke3 Ke5 51. Kd3 Kd5 52. a4 a6 53. Kc3 Ke5 54. Kc4 Ke4 55. a5 Ke5 56. axb6 Kd6 57. b5 Kd7 58. bxa6 Kc6 59. b7 Kc7 60. Kc5 Kb8 61. Kc6 1-0

[Event "BEL-ch U14"]
[Site "Bruges"]
[Date "2012.04.11"]
[Round "5"]
[White "Bratuszewski, Jorden"]
[Black "De Block, Yordi"]
[Result "1/2-1/2"]
[WhiteElo "1314"]
[BlackElo "1622"]
[PlyCount "104"]
[EventDate "2012.04.08"]
[EventType "swiss"]
[EventRounds "9"]
[EventCountry "BEL"]
[SourceTitle "EXT 2013"]
[Source "ChessBase"]
[SourceDate "2012.11.22"]
[SourceVersion "1"]
[SourceVersionDate "2012.11.22"]
[SourceQuality "1"]

1. Nf3 d5 2. g3 Bf5 3. Bg2 e6 4. 0-0 Bd6 5. d3 c5 6. c4 Ne7 7. Nc3 d4 8. Nb5 Nbc6 9. Nxd6+ Qxd6 10. h3 e5 11. a3 h5 12. Nh4 Be6 13. e4 Qd7 14. f4 Bxh3 15. f5 Bg4 16. Bf3 Bxf3 17. Qxf3 f6 18. Bd2 0-0-0 19. Kf2 Rdg8 20. Rh1 g5 21. Ng2 g4 22. Qe2 Nd8 23. Rag1 Nf7 24. Ke1 Qa4 25. Qd1 Qxd1+ 26. Kxd1 a6 27. Kc2 b5 28. b3 Kd7 29. Rh2 Ng5 30. Bxg5 Rxg5 31. Rgh1 Kc6 32. Nh4 a5 33. Ng6 Nxg6 34. fxg6 b4 35. a4 Kd6 36. g7 Rxg7 37. Rxh5 Rxh5 38. Rxh5 Ke6 39. Kd2 Rf7 40. Rh6 Ke7 41. Rh5 Rf8 42. Ke2 Kf7 43. Rh7+ Kg6 44. Ra7 Rh8 45. Rxa5 Rh2+ 46. Kd1 Rb2 47. Rxc5 Rxb3 48. Kc2 Rc3+ 49. Kd2 Ra3 50. a5 Ra2+ 51. Kc1 Rg2 52. a6 Ra2 1/2-1/2

[Event "Maastricht Limburg op-C 5th"]
[Site "Maastricht"]
[Date "2011.06.13"]
[Round "7"]
[White "Dijkstra, Hidde"]
[Black "Bratuszewski, Jorden"]
[Result "1-0"]
[WhiteElo "1505"]
[BlackElo "1198"]
[PlyCount "119"]
[EventDate "2011.06.10"]
[EventType "swiss"]
[EventRounds "7"]
[EventCountry "NED"]
[SourceTitle "EXT 2012"]
[Source "ChessBase"]
[SourceDate "2011.11.24"]
[SourceVersion "1"]
[SourceVersionDate "2011.11.24"]
[SourceQuality "1"]

1. d4 d5 2. c4 Nf6 3. Nc3 Bf5 4. e3 e6 5. Nf3 c6 6. Be2 Bd6 7. 0-0 0-0 8. b3 Nbd7 9. Bb2 Re8 10. Rc1 Rc8 11. Nd2 e5 12. dxe5 Bxe5 13. Nf3 Bg4 14. Nxe5 Bxe2 15. Qxe2 Nxe5 16. Rfd1 Qe7 17. cxd5 cxd5 18. Nxd5 Nxd5 19. Rxc8 Rxc8 20. Rxd5 f6 21. Qd1 Qc7 22. Bxe5 fxe5 23. Rd2 Qc1 24. Kf1 Qxd1+ 25. Rxd1 Rc2 26. a4 Rb2 27. Rd8+ Kf7 28. Rd7+ Kf6 29. Rxb7 h5 30. b4 a5 31. b5 Ra2 32. b6 Rxa4 33. Rb8 Rb4 34. b7 Kg6 35. Ra8 Rxb7 36. Rxa5 Kf6 37. Ke2 g6 38. Kf3 Rb4 39. Kg3 Rg4+ 40. Kh3 g5 41. f3 Rc4 42. e4 Rc6 43. Kg3 Re6 44. h4 Kg6 45. Ra8 gxh4+ 46. Kxh4 Rf6 47. Rg8+ Kf7 48. Rg5 Rg6 49. Kxh5 Re6 50. Kg4 Ke7 51. Kf5 Ra6 52. Kxe5 Kd7 53. Rg7+ Ke8 54. Kf5 Kf8 55. Rb7 Ra5+ 56. e5 Ra2 57. g4 Rh2 58. g5 Kg8 59. g6 Rf2 60. f4 1-0